LEADER 01354nas 2200421 c 450 001 9910142415403321 005 20260218112132.0 024 7 $aurn:nbn:de:hbz:5:2-26624 035 $a(DE-599)ZDB2118844-0 035 $a(DE-101)02506391X 035 $a(CKB)1000000000529278 035 $a(DE-599)2118844-0 035 $a(EXLCZ)991000000000529278 100 $a20030908a19759999 |y | 101 0 $ager 135 $aur||||||||||| 181 $ctxt$2rdacontent 182 $cc$2rdamedia 183 $acr$2rdacarrier 200 10$aBericht des Bundeskartellamtes u?ber seine Ta?tigkeit in den Jahren ... sowie u?ber die Lage und Entwicklung auf seinem Aufgabengebiet 210 31$aBonn$cBundesanzeiger$d1975- 215 $aOnline-Ressource 300 $aGesehen am 08.05.2024 517 3 $aDokumentenband 517 3 $aDokumentenband zum Ta?tigkeitsbericht 517 1 $aTa?tigkeitsbericht 608 $aZeitschrift$2gnd-content 676 $a300 676 $a330 686 $a27$2ssgn 712 02$aDeutschland$bBundeskartellamt$4isb 801 0$b9001 801 1$bDE-101 801 2$b9999 906 $aJOURNAL 912 $a9910142415403321 996 $aBericht des Bundeskartellamtes u?ber seine Ta?tigkeit in den Jahren ... sowie u?ber die Lage und Entwicklung auf seinem Aufgabengebiet$94438755 997 $aUNINA